01836 2200289 4500001002100000005001500021035002000036007000300056008004100059020001800100082001000118084001600128100002500144245010900169250002000278300002500298650001900323650001400342700002700356520102900383264002801412336002101440337003001461338002301491990001601514990001601530INLIS00000000000069420260508111107 a0010-0526000150ta260508 g 0 ind  a9786237013761 a155.4 a155.4 EVY u0 aEvy SofiaePengarang1 aUnderachiever : murid pintar, kok Prestasinya rendah? /cEvy Sofia, S. Psi., M. Si. ; editor, Sinta Dewi aCetakan Pertama a140 halaman ;c21 cm 4aPsikologi Anak 4aOrang Tua0 aSinta DewiePenyunting aTak dapat dimungkiri, underachiever merupakan masalah serius dalam dunia pendidikan. Sayangnya, belum banyak guru dan orang tua yang memahami fenomena ini. Masih banyak kalangan yang berpersepsi salah bahwa kecerdasan murid berbanding lurus dengan deretan nilai yang tercetak dalam lembaran rapor atau hasil ujian nasional.Di Indonesia sendiri, terdapat sekitar 35% murid berinteligensi tinggi yang menjadi underachiever. Sebuah data yang cukup mencengangkan. Hanya saja, belum banyak akademisi yang melakukan riset untuk menggali faktor penyebab underachiever sehingga guru dan orang tua menemui kesulitan dalam melakukan penanganan khusus.Berbasis riset studi kasus yang mendalam, buku ini hadir untuk memberikan jawaban tentang penyebab underachiever beserta intervensinya. Bahasa yang mengalir dan mudah dipahami membuat buku ini layak dibaca oleh guru, orang tua, praktisi pendidikan, psikolog, konselor, dan semua kalangan yang memiliki kepedulian menjadikan anak-anak Indonesia sebagai generasi terbaik di masa depan. aSolo :bMetagraf,c2019 2rdacontentaTeks 2rdamediaaTanpa perantara 2rdacarrieraVolume aPP001384/19 aPP001387/19